東武鉄道の駅 - Statistics

General Stats
  • This quiz has been taken 9 times
  • The average score is 89 of 217
Answer Stats
Answer % Correct
春日部
100%
東武動物公園
86%
曳舟
86%
下今市
86%
大宮
86%
岩槻
86%
運河
86%
流山おおたかの森
86%
86%
川越
86%
川越市
86%
浅草
71%
とうきょうスカイツリー
71%
押上
71%
北千住
71%
西新井
71%
草加
71%
せんげん台
71%
北春日部
71%
久喜
71%
館林
71%
太田
71%
大師前
71%
幸手
71%
南栗橋
71%
新栃木
71%
鬼怒川温泉
71%
北大宮
71%
大宮公園
71%
新柏
71%
船橋
71%
池袋
71%
森林公園
71%
獨協大学前
57%
越谷
57%
北越谷
57%
羽生
57%
足利市
57%
亀戸
57%
板倉東洋大前
57%
栃木
57%
合戦場
57%
上今市
57%
東武日光
57%
東武宇都宮
57%
鬼怒川公園
57%
七里
57%
藤の牛島
57%
清水公園
57%
野田市
57%
北池袋
57%
成増
57%
和光市
57%
朝霞
57%
朝霞台
57%
志木
57%
ふじみ野
57%
上福岡
57%
坂戸
57%
小川町
57%
越生
57%
堀切
43%
小菅
43%
五反野
43%
竹ノ塚
43%
新田
43%
蒲生
43%
新越谷
43%
一ノ割
43%
姫宮
43%
和戸
43%
花崎
43%
加須
43%
新伊勢崎
43%
伊勢崎
43%
東あずま
43%
亀戸水神
43%
佐野市
43%
佐野
43%
葛生
43%
新桐生
43%
相老
43%
赤城
43%
東小泉
43%
竜舞
43%
栗橋
43%
新古河
43%
新鹿沼
43%
野州大塚
43%
おもちゃのまち
43%
東武ワールドスクウェア
43%
新藤原
43%
東岩槻
43%
南桜井
43%
川間
43%
七光台
43%
愛宕
43%
江戸川台
43%
豊四季
43%
高柳
43%
新鎌ケ谷
43%
鎌ケ谷
43%
新船橋
43%
下板橋
43%
大山
43%
中板橋
43%
ときわ台
43%
上板橋
43%
東武練馬
43%
下赤塚
43%
柳瀬川
43%
みずほ台
43%
若葉
43%
北坂戸
43%
東松山
43%
武蔵嵐山
43%
寄居
43%
東向島
29%
鐘ケ淵
29%
牛田
29%
梅島
29%
谷塚
29%
大袋
29%
武里
29%
鷲宮
29%
南羽生
29%
茂林寺前
29%
29%
野州山辺
29%
木崎
29%
世良田
29%
境町
29%
剛志
29%
小村井
29%
渡瀬
29%
田沼
29%
治良門橋
29%
本中野
29%
小泉町
29%
西小泉
29%
杉戸高野台
29%
柳生
29%
新大平下
29%
野州平川
29%
南宇都宮
29%
大谷向
29%
新高徳
29%
大和田
29%
八木崎
29%
梅郷
29%
初石
29%
増尾
29%
逆井
29%
六実
29%
馬込沢
29%
鶴瀬
29%
新河岸
29%
霞ケ関
29%
鶴ケ島
29%
高坂
29%
つきのわ
29%
川俣
14%
多々良
14%
福居
14%
東武和泉
14%
韮川
14%
細谷
14%
三枚橋
14%
藪塚
14%
阿佐美
14%
成島
14%
篠塚
14%
藤岡
14%
東武金崎
14%
楡木
14%
壬生
14%
安塚
14%
西川田
14%
豊春
14%
塚田
14%
東武竹沢
14%
みなみ寄居
14%
男衾
14%
玉淀
14%
武州長瀬
14%
田島
0%
堀米
0%
吉水
0%
多田
0%
静和
0%
家中
0%
樅山
0%
北鹿沼
0%
板荷
0%
下小代
0%
明神
0%
国谷
0%
江曽島
0%
大桑
0%
小佐越
0%
鉢形
0%
一本松
0%
西大家
0%
川角
0%
東毛呂
0%
武州唐沢
0%
No matching quizzes found
Score Distribution
Percent of People with Each Score
Percentile by Number Answered
Your Score History
You have not taken this quiz